| 000 | 00670nam a2200217Ia 4500 | ||
|---|---|---|---|
| 008 | 191130s2010##################000#0#eng## | ||
| 020 | _a9780737747713 | ||
| 022 | _a2009041735 | ||
| 040 |
_aACL _cACL |
||
| 082 | _a303.482 HAU | ||
| 245 |
_aGlobalization _cDavid Haugen and Rachael Mach, book editors |
||
| 260 |
_aDetroit, MI _bGreenhaven Press _cc2010 |
||
| 300 | _a260 p. : ill. ; 23 cm | ||
| 500 | _aIncludes bibliographical references (p. 247-249) and index | ||
| 650 | _aGlobalization - Juvenile literature | ||
| 700 | _aHaugen, David M | ||
| 700 | _aMach, Rachael | ||
| 990 | _a94ec1e24ac10000c414ac7c12017ebc0 | ||
| 991 | _a205875 | ||
| 999 |
_c265490 _d265490 |
||